Selected View on the Slovak E-commerce Entities in the Light of Reputation Analysis

Salvato in:
Dettagli Bibliografici
Autore principale: Dorčák, Peter, 1979-
Altri autori: Markovič, Peter, 1974-, Pollák, František, 1985-
Natura: Capitolo di libro
Lingua:inglese
Soggetti:
Tags: Aggiungi Tag
Nessun Tag, puoi essere il primo ad aggiungerne!!

MARC

LEADER 00000naa$a2200000$$$4500
001 0223260
005 20240502083555.2
041 0 |a eng 
044 |a AT 
245 1 0 |a Selected View on the Slovak E-commerce Entities in the Light of Reputation Analysis  |c Peter Dorčák, Peter Markovič, František Pollák 
610 2 0 |a obchod elektronický 
610 2 0 |a trh elektronický 
610 2 0 |a Slovensko 
610 2 0 |a preferencie spotrebiteľské 
100 1 |a Dorčák, Peter, 1979- 
700 1 |a Markovič, Peter, 1974- 
700 1 |a Pollák, František, 1985-